| 000 | 00828nam a2200265 a 4500 | ||
|---|---|---|---|
| 001 | 32418 | ||
| 003 | BD-RjUL | ||
| 005 | 20211209051831.0 | ||
| 008 | 031030s1876 enk b 000 0 eng d | ||
| 035 | _a(BD-RjUL)32507 | ||
| 040 |
_aBD-RjUL _beng _cBD-RjUL _dBD-RjUL |
||
| 041 | _aeng | ||
| 082 |
_223 _a954.0088297 _bHUI 1876 |
||
| 100 | 1 |
_aHunter, William Wilson, _d1840-1900. _9223783 |
|
| 245 | 1 | 4 |
_aThe Indian Musalmans / _cby W.W. Hunter. |
| 250 | _a3rd ed. | ||
| 260 |
_aLondon : _bTrübner and Co., _c1876. |
||
| 300 |
_a219 p. ; _c24 cm. |
||
| 504 | _aIncludes bibliographical references. | ||
| 650 | 0 |
_aMuslims _zIndia. _9223784 |
|
| 650 | 0 |
_aBritish Occupation of India (1765-1947) _9223785 |
|
| 650 | 0 |
_aMuslims _xPolitical activity _9223786 |
|
| 651 |
_aIndia _xPolitics and government _9223787 |
||
| 942 |
_2ddc _cRAR |
||
| 999 |
_c32418 _d32418 |
||